000 01144cad a22002175a 4500
001 L157111
008 120903s2012 xxk f 000 0 eng d
035 _a(Sirsi) u157111
041 0 _aeng
110 2 _aEC Harris
_94930
245 0 0 _aLondon prime residential development pipeline 2012
_h[electronic resource]
260 _aLondon
_bEC Harris
_c2012
520 _aOutlines details of a ten year pipeline 2012-2021 of over 15 000 units of prime residential development worth in excess of £38 billion which is at various stages of planning and development in London. Considers the impact that existing market conditions and factors such as the eurozone crisis, stamp duty charges, changes in planning law and affordable housing could have on the performance of the pipeline. Lists schemes in the pipeline.
590 _aKA NTK
651 4 _aLondon
690 _aPlanning and development
_96259
690 _aResidential property
_96266
690 _aConstruction management
_96230
856 4 0 _uhttps://www.echarris.com/pdf/8356_Pipeline%20Report_Final.pdf
_zView the item free of charge from the www.echarris.com website
942 _n0
999 _c114603
_d114603